000 01044nam a2200265Ia 4500
001 21737
005 20260320113308.0
008 260320s9999||||xx |||||||||||||| ||und||
020 _a9789942825612
041 _aESP
082 _a629.895
_bB135
100 _aBenítez Pina, Israel Francisco,
_eAUT
245 0 _aDiseño de sistemas de automatización integrada
_b
246 _a
_5
_b
250 _aPrimera edición
260 _aGuayaquil :
_bDirección de Publicaciones de la Universidad Católica de Santiago de Guayaquil,
_c2022
300 _a525 páginas :
_bfotografías, ilustraciones, gráficos ;
_c24 cm.
_e
440 _a(Ciencias técnicas)
_n
_v
650 _aTCA
653 _aAutomatización de procesos; Redes de Petri; Comunicación industriales
654 _aCIM
700 _aMendoza Merchán, Eduardo; Reinaldo Silva, José; Eigi Miyagi, Paulo [y otros tres]
_cAUTS
856 _uhttps://ieeexplore-ieee-org.ucsp.lookproxy.com/Xplore/home.jsp
_zVéase además: Base de datos IEEE Xplore
942 _cLIB
_dJUS
_fMAT
_2ddc
_n
999 _c21737
_d21737